000 00516nam#a22002175a#4500
001 3190
245 1 0 _aMujercitas /
_cLouisa Alcott.
250 _a1ª ed.
260 _aBuenos Aires :
_bAtlántida,
_c1977.
300 _a250 p. ;
_c23 cm.
100 1 _aAlcott, Louisa.
080 _a82-31
084 _aA 35
653 _aNovelas
653 _aLiteratura Universal
040 _aAR-ClEAG
_cAR-ClEAG
008 240412s1977####ag#####g######001#0#spa#d
005 20241107184816.0
003 AR-ClEAG
942 _cBK
999 _c3190
_d3190
980 _62
_aEvangelina Gallicchio
_82
_gEvangelina Gallicchio